Leadership as a way of thinking / Douglas E. Mitchell, Sharon Trucker (Record no. 71799)

MARC details
000 -CABECERA
campo de control de longitud fija 00653nam a2200229 a 4500
005 - FECHA Y HORA DE LA ÚLTIMA TRANSACCIÓN
campo de control 20210219153235.0
008 - ELEMENTOS DE LONGITUD FIJA--INFORMACIÓN GENERAL
campo de control de longitud fija 991125n 000 0 eng u
035 ## - NÚMERO DE CONTROL DEL SISTEMA
Número de control de sistema UPN01000085288
100 ## - ASIENTO PRINCIPAL--NOMBRE PERSONAL
Nombre de persona Mitchell, Douglas E.
222 ## - TÍTULO CLAVE
Título clave EDUCATIONAL LEADERSHIP
245 ## - MENCIÓN DE TÍTULO
Título Leadership as a way of thinking / Douglas E. Mitchell, Sharon Trucker
300 ## - DESCRIPCIÓN FÍSICA
Extensión 30-35
362 ## - FECHAS DE PUBLICACIÓN Y/O DESIGNACIÓN SECUENCIAL
Fecha de publicación y/o designación secuencial 1992 49, no. 5
653 0# - TERMINO DE INDIZACION - NO CONTROLADO
Término no controlado ADMINISTRACION ESCOLAR
653 0# - TERMINO DE INDIZACION - NO CONTROLADO
Término no controlado EFICACIA DEL ADMINISTRADOR
653 0# - TERMINO DE INDIZACION - NO CONTROLADO
Término no controlado LIDERAZGO
653 0# - TERMINO DE INDIZACION - NO CONTROLADO
Término no controlado PARTICIPACION DEL MAESTRO
653 0# - TERMINO DE INDIZACION - NO CONTROLADO
Término no controlado SUPERVISION
700 ## - ASIENTO SECUNDARIO--NOMBRE DE PERSONAL
Nombre de persona Trucker, Sharon, coaut.
904 ## - ELEMENTOS DE DATOS D LOCAL, LDD (RLIN)
a AC
b 023099
905 ## - TIPO DE MATERIAL
Tipo de material Articulo

No items available.